000 00723cam a22001934a 4500
005 20250605164335.0
008 250528s ||||||||||||||||||||||||d
035 _a23406
040 _aGR-AtMCL
_bgre
_dGR-AtMCL
_eAACR2
245 1 _aInformation Hiding in QR Codes/A Nested Approach
260 _c2018
300 _a52
520 _aIntroduction, Related Works, QR Code Analysis, Barcodes, Characteristics, Architecture, Encoding and Decoding Processes, Proposed Theme, Design, Implementation, Evaluation, Conclusion, References, Appendix, List of Tables, List of Figures.
700 1 _aGiannakopoulos Georgios
_98972
700 1 _aGoudosis Athanasios
_98973
942 _cDS
999 _c8426
_d8426